00418cam a2200157ua 45000010005000000080039000050400009000440820008000531000033000612450049000942500009001432600044001523000023001966530014002196530027002332227110806n ii |||gr||||Z||||||eng cMAIN a370 aHeggade, Odeyar D.,eAuthor.1 aEconomics of educationcby Odeyar D. Heggade a1st. aBombay:bHimalaya Publishing house,992. a323p:bill;c23cm. aEducation aEconomics of education